Państwa z najwyższymi szczytami - Statystyki

Ogólne statystyki
  • Ten quiz został rozwiązany 94 razy
  • Średni wynik to 17 z 20
Statystyki odpowiedzi
Metry Państwo % Poprawnych
8848 Chiny
99%
8586 Indie
98%
8848 Nepal
98%
5642 Rosja
97%
6191 Stany Zjednoczone
95%
8611 Pakistan
94%
6893 Chile
93%
6960 Argentyna
92%
5959 Kanada
88%
6768 Peru
88%
7570 Bhutan
85%
7492 Afganistan
81%
6542 Boliwia
80%
7439 Kirgistan
80%
7495 Tadżykistan
79%
5700 Kolumbia
78%
6267 Ekwador
73%
7010 Kazachstan
71%
5892 Tanzania
65%
5881 Mjanma
51%
Nie znaleziono quizów pasujących do podanych kryteriów
Rozkład punktacji
Procent ludzi z każdym wynikiem
Percentyl według liczby udzielonych odpowiedzi
Twoja historia wyników
Nie rozwiązałeś tego quizu